Opuscules Et Traites (Record no. 4629)

MARC details
000 -LEADER
fixed length control field 00634nam a2200253 a 4500
020 ## - INTERNATIONAL STANDARD BOOK NUMBER
ISBN
082 00 - DEWEY DECIMAL CLASSIFICATION NUMBER
Classification number 492.09468
Author Cutter DAB
100 ## - MAIN ENTRY--AUTHOR NAME
Author name D`Abou `l-Walid, Merwan Ibn Djanah
245 ## - TITLE STATEMENT
Title Opuscules Et Traites
260 ## - PUBLICATION, DISTRIBUTION, ETC. (IMPRINT)
Place of publication
Name of publisher
Year of publication 1880
300 ## - PHYSICAL DESCRIPTION
Number of Pages 398p
500 ## - GENERAL NOTE
General note includes index and biblioraphy
505 2# - FORMATTED CONTENTS NOTE
Formatted contents note Index
650 ## - SUBJECT ADDED ENTRY--TOPICAL TERM
Topical Term Arabic-Hebrew Language-Spain
650 ## - SUBJECT ADDED ENTRY--TOPICAL TERM
Topical Term Islam-Relations Judaism
942 ## - ADDED ENTRY ELEMENTS (KOHA)
Koha item type Books
700 1# -
-- D`Abou `l-Walid, Merwan Ibn Djanah
Holdings
Collection code Home library Current library Date acquired Cost, normal purchase price Full call number Accession Number Koha item type
  Henry Martyn Institute Library Henry Martyn Institute Library 06/12/2007 100.00 492.09468 DAB 07214 Books
                   Copyright © 2026 | Henry Martyn Institute | Hyderabad | TS-500052 | INDIA | Implemented by hmi.edu.in
Hit-Count:

Powered by Koha